Marcatori della Juventus in UEFA Champions League 2020-2021 - Statistics

Statistiche generali
  • Questo quiz è stato fatto 64 volte
  • Il punteggio medio è 14 su 17
Statistiche sulle risposte
Partita Minuto Marcatore % Corretto
Juventus - Ferencváros 2-1 35' Cristiano Ronaldo
95%
Juventus - Dinamo Kiev 3-0 57' Cristiano Ronaldo
95%
Barcellona - Juventus 0-3 13' Cristiano Ronaldo
95%
Barcellona - Juventus 0-3 52' Cristiano Ronaldo
95%
Ferencváros - Juventus 1-4 60' Paulo Dybala
93%
Juventus - Dinamo Kiev 3-0 21' Federico Chiesa
88%
Porto - Juventus 2-1 82'' Federico Chiesa
88%
Juventus - Porto 3-2 (d.t.s.) 49' Federico Chiesa
88%
Juventus - Porto 3-2 (d.t.s.) 63' Federico Chiesa
88%
Dinamo Kiev - Juventus 0-2 46' Álvaro Morata
79%
Dinamo Kiev - Juventus 0-2 84' Álvaro Morata
79%
Ferencváros - Juventus 1-4 7' Álvaro Morata
79%
Ferencváros - Juventus 1-4 73' Álvaro Morata
79%
Juventus - Ferencváros 2-1 92' Álvaro Morata
79%
Juventus - Dinamo Kiev 3-0 66' Álvaro Morata
79%
Juventus - Porto 3-2 (d.t.s.) 117' Adrien Rabiot
77%
Barcellona - Juventus 0-3 20' Weston McKennie
75%
Nessun quiz corrispondente trovato
Distribuzione punteggi
Percentuale di utenti per punteggio
Percentile per numero di risposta
I tuoi punteggi nel tempo
Non hai fatto questo quiz